Ejercicio terapéutico: fundamentos y técnicas
Guardat en:
| Autors principals: | , |
|---|---|
| Format: | Llibre |
| Idioma: | espanyol |
| Publicat: |
Buenos Aires
Médica Panamericana
2010
|
| Edició: | 5a. ed |
| Matèries: | |
| Etiquetes: |
Afegir etiqueta
Sense etiquetes, Sigues el primer a etiquetar aquest registre!
|
MARC
| LEADER | 00000cam a2200000 a 4500 | ||
|---|---|---|---|
| 001 | UCF5400 | ||
| 003 | CL-VaPUC | ||
| 008 | 130307e20100000AG |||||||||||||||||spa|d | ||
| 020 | |a 9789500600965 | ||
| 082 | 0 | 4 | |a 615.82 |b KIS |2 21 |
| 100 | |a Kisner, Carolyn |e author |9 567255 | ||
| 700 | 0 | |a Colby, Lynn Allen |e author |9 567256 | |
| 245 | 1 | 0 | |a Ejercicio terapéutico: fundamentos y técnicas |
| 250 | |a 5a. ed | ||
| 300 | |a 932 p | ||
| 942 | |c BK | ||
| 945 | |d 20130307 00:00:00 |a dcastane | ||
| 260 | |a Buenos Aires |b Médica Panamericana |c 2010 | ||
| 650 | 0 | |a Ejercicios físicos |9 307296 | |
| 650 | 7 | |a CINESITERAPIA |2 CL-VaPUC |9 368622 | |
| 650 | 0 | |a Fisioterapia |9 307408 | |
| 650 | 7 | |a TERAPIA FISICA |2 CL-VaPUC |9 334239 | |
| 583 | |a last modification |c 20130307 11:37:00 |k Rodrigo Vera | ||
| 999 | |c 350940 |d 350938 | ||
| 952 | |0 0 |1 0 |4 0 |6 615_820000000000000_KIS_2010 |7 0 |8 A |9 454741 |a BIBCUR |b BIBCUR |d 2019-11-22 |i 495159K |l 1 |o 615.82 KIS 2010 |p 495159K |r 2025-04-22 |s 2023-08-09 |w 2019-11-22 |y BK |k KIN | ||
| 952 | |0 0 |1 0 |4 0 |6 615_820000000000000_KIS_2010 |7 0 |8 A |9 454742 |a BIBCUR |b BIBCUR |d 2019-11-22 |i 4951603 |o 615.82 KIS 2010 |p 4951603 |r 2025-04-22 |w 2019-11-22 |y BK |k KIN | ||
| 952 | |0 0 |1 0 |4 0 |6 615_820000000000000_KIS_2010 |7 0 |8 A |9 454743 |a BIBCUR |b BIBCUR |d 2019-11-22 |i 4951611 |l 1 |o 615.82 KIS 2010 |p 4951611 |r 2025-04-22 |s 2023-04-10 |w 2019-11-22 |y BK |k KIN | ||
| 952 | |0 0 |1 0 |4 0 |6 615_820000000000000_KIS_2010 |7 0 |8 A |9 454744 |a BIBCUR |b BIBCUR |d 2019-11-22 |i 4956788 |o 615.82 KIS 2010 |p 4956788 |r 2025-04-22 |w 2019-11-22 |y BK |k KIN | ||
| 952 | |0 0 |1 0 |3 erd |4 0 |6 615_820000000000000_KIS_2010 |7 0 |8 A |9 454745 |a BIBCUR |b BIBCUR |d 2019-11-22 |i 5005558 |l 6 |o 615.82 KIS 2010 |p 5005558 |r 2025-04-22 |s 2025-03-12 |w 2019-11-22 |y BK |z Catalogado en:20130906 |k KIN | ||
| 952 | |0 0 |1 0 |3 erd |4 0 |6 615_820000000000000_KIS_2010 |7 0 |8 A |9 454746 |a BIBCUR |b BIBCUR |d 2019-11-22 |i 5005566 |o 615.82 KIS 2010 |p 5005566 |r 2025-04-22 |w 2019-11-22 |y BK |z Catalogado en:20130906 |k KIN | ||
| 952 | |0 0 |1 0 |3 erd |4 0 |6 615_820000000000000_KIS_2010 |7 0 |8 A |9 454747 |a BIBCUR |b BIBCUR |d 2019-11-22 |i 5005574 |o 615.82 KIS 2010 |p 5005574 |r 2025-04-22 |w 2019-11-22 |y BK |z Catalogado en:20130906 |k KIN | ||
| 952 | |0 0 |1 0 |3 erd |4 0 |6 615_820000000000000_KIS_2010 |7 0 |8 A |9 454748 |a BIBCUR |b BIBCUR |d 2019-11-22 |i 5005582 |o 615.82 KIS 2010 |p 5005582 |r 2025-04-22 |w 2019-11-22 |y BK |z Catalogado en:20130906 |k KIN | ||
| 952 | |0 0 |1 0 |3 erd |4 0 |6 615_820000000000000_KIS_2010 |7 0 |8 A |9 454749 |a BIBCUR |b BIBCUR |d 2019-11-22 |i 5005590 |l 2 |m 1 |o 615.82 KIS 2010 |p 5005590 |r 2025-04-22 |s 2023-11-20 |w 2019-11-22 |y BK |z Catalogado en:20130906 |k KIN | ||
| 952 | |0 0 |1 0 |3 erd |4 0 |6 615_820000000000000_KIS_2010 |7 0 |8 A |9 454750 |a BIBCUR |b BIBCUR |d 2019-11-22 |i 5005604 |o 615.82 KIS 2010 |p 5005604 |r 2025-04-22 |w 2019-11-22 |y BK |z Catalogado en:20130906 |k KIN | ||
| 952 | |0 0 |1 0 |3 erd |4 0 |6 615_820000000000000_KIS_2010 |7 0 |8 A |9 454751 |a BIBCUR |b BIBCUR |d 2019-11-22 |i 5005612 |o 615.82 KIS 2010 |p 5005612 |r 2025-04-22 |w 2019-11-22 |y BK |z Catalogado en:20130906 |k KIN | ||
| 952 | |0 0 |1 0 |3 erd |4 0 |6 615_820000000000000_KIS_2010 |7 0 |8 A |9 454752 |a BIBCUR |b BIBCUR |d 2019-11-22 |i 5005620 |l 3 |o 615.82 KIS 2010 |p 5005620 |r 2025-04-22 |s 2024-03-14 |w 2019-11-22 |y BK |z Catalogado en:20130906 |k KIN | ||